Bài tập cơ học ứng dụng

Tóm tắt lí thuyết và các bài tập cơ học ứng dụng: chuyển động của điểm, vật rắn, hệ lực phẳng, hệ lực không gian

में बचाया:
ग्रंथसूची विवरण
मुख्य लेखक: Nguyễn, Nhật Lệ
स्वरूप: पुस्तक
भाषा:Undetermined
प्रकाशित: Hà Nội Khoa học và Kỹ thuật 2005
विषय:
टैग : टैग जोड़ें
कोई टैग नहीं, इस रिकॉर्ड को टैग करने वाले पहले व्यक्ति बनें!
Thư viện lưu trữ: Trung tâm Học liệu Trường Đại học Cần Thơ
LEADER 00822nam a2200217Ia 4500
001 CTU_101449
008 210402s9999 xx 000 0 und d
020 |c 50000 
082 |a 531.076 
082 |b L250 
100 |a Nguyễn, Nhật Lệ 
245 0 |a Bài tập cơ học ứng dụng 
245 0 |c Nguyễn Nhật Lệ, Nguyễn Văn Vượng 
260 |a Hà Nội 
260 |b Khoa học và Kỹ thuật 
260 |c 2005 
520 |a Tóm tắt lí thuyết và các bài tập cơ học ứng dụng: chuyển động của điểm, vật rắn, hệ lực phẳng, hệ lực không gian 
650 |a Mechanics 
650 |x Problems, exercises, etc 
904 |i Tuyến 
980 |a Trung tâm Học liệu Trường Đại học Cần Thơ